[Event "Deltalift op"]
[Site "Tylosand"]
[Date "2023.05.19"]
[Round "6"]
[White "Mejvik, Jacob"]
[Black "Jepson, Christian"]
[Result "0-1"]
[WhiteElo "2110"]
[BlackElo "2390"]
[PlyCount "132"]
[EventDate "2023.05.18"]
[EventType "swiss"]
[EventRounds "8"]
[EventCountry "SWE"]
[SourceTitle "CBM 214 Extra"]
[Source "ChessBase"]
[SourceDate "2023.07.31"]
[SourceVersion "1"]
[SourceVersionDate "2023.07.31"]
[SourceQuality "1"]

1. e4 g6 2. d4 Bg7 3. Nc3 c6 4. Be3 d5 5. e5 Nh6 6. Nf3 f6 7. Bd3 Bg4 8. exf6 exf6 9. Qe2 0-0 10. 0-0-0 Re8 11. h4 Nd7 12. Qd2 Nf5 13. Bxf5 Bxf5 14. Bh6 Nb6 15. Bxg7 Kxg7 16. Qf4 Qb8 17. Qxb8 Raxb8 18. Rde1 Kf7 19. b3 Rbd8 20. Kd2 Be4 21. Re3 Nc8 22. Rhe1 Nd6 23. Nxe4 dxe4 24. Ng1 c5 25. d5 b5 26. Nh3 Re5 27. f3 Rxd5+ 28. Kc1 exf3 29. Re7+ Kg8 30. gxf3 Nf5 31. Rxa7 R5d7 32. Rxd7 Rxd7 33. Re4 b4 34. Nf2 Rd4 35. c3 bxc3 36. Rxd4 cxd4 37. a4 Kf7 38. a5 Nd6 39. Kc2 Ke6 40. Kd3 Kd5 41. Ng4 Kc5 42. Nxf6 Kb4 43. a6 Nb5 44. Ng4 Kxb3 45. Nf2 Kb4 46. f4 Ka5 47. a7 Nxa7 48. Kxd4 Kb4 49. Nd3+ Kb3 50. Ne1 Nc6+ 51. Kd3 Nb4+ 52. Ke4 Kc4 53. f5 gxf5+ 54. Kxf5 Nd5 55. Ke4 h5 56. Nc2 Ne7 57. Kf4 Kd3 58. Nb4+ Kd2 59. Kg5 Nd5 60. Na2 c2 61. Kxh5 Nc3 62. Nxc3 Kxc3 63. Kg6 c1Q 64. h5 Qc2+ 65. Kg7 Qf5 66. h6 Qg5+ 0-1

[Event "Deltalift op"]
[Site "Tylosand"]
[Date "2019.05.31"]
[Round "6"]
[White "Mejvik, Jacob"]
[Black "Hansen, Lars"]
[Result "0-1"]
[WhiteElo "2057"]
[BlackElo "2196"]
[PlyCount "50"]
[EventDate "2019.05.30"]
[EventType "swiss"]
[EventRounds "8"]
[EventCountry "SWE"]
[SourceTitle "CBM 190 Extra"]
[Source "ChessBase"]
[SourceDate "2019.07.15"]
[SourceVersion "1"]
[SourceVersionDate "2019.07.15"]
[SourceQuality "1"]

1. e4 e6 2. d4 d5 3. Nc3 Nf6 4. e5 Nfd7 5. f4 c5 6. Nf3 Nc6 7. Be3 cxd4 8. Nxd4 Bc5 9. Qd2 0-0 10. Bb5 Qc7 11. Nce2 a6 12. Bd3 Qb6 13. c3 f6 14. exf6 Nxf6 15. 0-0-0 e5 16. fxe5 Nxe5 17. Rhf1 Bg4 18. Rf4 Rae8 19. Re1 Bh5 20. b4 Nxd3+ 21. Qxd3 Bg6 22. Qd2 a5 23. a3 axb4 24. axb4 Qa6 25. Kd1 Qa4+ 0-1

[Event "Helsingor Xtracon op"]
[Site "Helsingor"]
[Date "2018.07.29"]
[Round "10"]
[White "Pantzar, Milton"]
[Black "Mejvik, Jacob"]
[Result "1-0"]
[WhiteElo "2333"]
[BlackElo "2099"]
[PlyCount "122"]
[EventDate "2018.07.21"]
[EventType "swiss"]
[EventRounds "10"]
[EventCountry "DEN"]
[SourceTitle "CBM 185 Extra"]
[Source "ChessBase"]
[SourceDate "2018.07.29"]
[SourceVersion "1"]
[SourceVersionDate "2018.07.29"]
[SourceQuality "1"]

1. Nf3 d5 2. g3 Bg4 3. Bg2 Nd7 4. h3 Bh5 5. c4 c6 6. d4 e6 7. 0-0 Ngf6 8. cxd5 exd5 9. Qb3 Qb6 10. Qe3+ Be7 11. Nh4 Kf8 12. f4 Re8 13. g4 Bxg4 14. hxg4 Nxg4 15. Qg3 h5 16. Nf5 Bf6 17. e3 g6 18. Nd6 Rxe3 19. Bxe3 Nxe3 20. Nd2 Bxd4 21. Kh1 Nf6 22. Nf3 Bc5 23. Nxf7 Ne4 24. Qxg6 Rg8 25. Qh6+ Ke7 26. N7g5 Ng3+ 27. Kh2 Ng4+ 28. Kxg3 Nxh6 29. Bh3 Be3 30. Rae1 d4 31. Nxd4 Qxd4 32. Rf3 h4+ 33. Kxh4 Kd6 34. Rexe3 Qxb2 35. Re6+ Kc7 36. Rxh6 b5 37. Kg3 Qc1 38. Kh2 Qd2+ 39. Bg2 Kb6 40. Rxc6+ Ka5 41. Re6 Rc8 42. Kg3 Rc2 43. Bf1 Rxa2 44. Re2 Qd5 45. Re5 Qd4 46. Rxb5+ Ka4 47. Re5 Qg1+ 48. Kh4 Rb2 49. Bh3 Rb8 50. Re4+ Rb4 51. Bd7+ Ka5 52. Ra3+ Kb6 53. Rxb4+ Kc7 54. Rg3 Qe1 55. Re4 Qh1+ 56. Bh3 a5 57. f5 Kd6 58. f6 Qa1 59. Rf3 a4 60. f7 Qh8+ 61. Kg3 Kd5 1-0

[Event "Helsingor Xtracon op"]
[Site "Helsingor"]
[Date "2017.07.23"]
[Round "3"]
[White "Mejvik, Jacob"]
[Black "Sebastian, Andreas"]
[Result "0-1"]
[WhiteElo "2085"]
[BlackElo "1800"]
[PlyCount "74"]
[EventDate "2017.07.22"]
[EventType "swiss"]
[EventRounds "10"]
[EventCountry "DEN"]
[SourceTitle "CBM 179 Extra"]
[Source "ChessBase"]
[SourceDate "2017.08.23"]
[SourceVersion "1"]
[SourceVersionDate "2017.08.23"]
[SourceQuality "1"]

1. d4 Nf6 2. Bg5 c5 3. d5 Ne4 4. h4 Nxg5 5. hxg5 g6 6. Nd2 Bg7 7. c3 d6 8. e4 e6 9. Ngf3 0-0 10. Bc4 Re8 11. 0-0 a6 12. a4 exd5 13. Bxd5 Nc6 14. Qb3 Be6 15. Bxe6 fxe6 16. Rfd1 Na5 17. Qa2 b5 18. Nb3 Nxb3 19. Qxb3 Rb8 20. Qc2 Qb6 21. axb5 axb5 22. Rd2 Red8 23. Rad1 b4 24. cxb4 cxb4 25. Qb3 Kf7 26. Nd4 Bxd4 27. Rxd4 Qc5 28. Qf3+ Ke8 29. Qg4 Ke7 30. Qh4 Kf8 31. Qf4+ Ke8 32. Rxd6 Rxd6 33. Rxd6 Ke7 34. Qd2 Qxd6 35. Qe3 Rd8 36. Qh3 Qd1+ 37. Kh2 Qh5 0-1

[Event "Horsens Lang Weekend"]
[Site "Horsens"]
[Date "2017.07.13"]
[Round "2"]
[White "Mejvik, Jacob"]
[Black "Bjerre, Jonas Buhl"]
[Result "0-1"]
[WhiteElo "2085"]
[BlackElo "2354"]
[PlyCount "66"]
[EventDate "2017.07.13"]
[EventType "swiss"]
[EventRounds "7"]
[EventCountry "DEN"]
[SourceTitle "EXT 2018"]
[Source "ChessBase"]
[SourceDate "2017.10.13"]
[SourceVersion "1"]
[SourceVersionDate "2017.10.13"]
[SourceQuality "1"]

1. d4 Nf6 2. Bg5 g6 3. Bxf6 exf6 4. g3 Bg7 5. Bg2 0-0 6. c4 f5 7. Nc3 d6 8. e3 Nd7 9. Nge2 Nf6 10. 0-0 Rb8 11. b4 c6 12. Qb3 Re8 13. Rfd1 Ne4 14. Rab1 Qe7 15. a4 h5 16. Rd3 h4 17. f3 Nd2 18. Qd1 Nxb1 19. Qxb1 Be6 20. d5 cxd5 21. cxd5 Bd7 22. Kf2 Rbc8 23. b5 Rc4 24. Qb3 Rec8 25. Na2 hxg3+ 26. hxg3 Qe5 27. Rd2 a5 28. Nd4 R4c5 29. f4 Qe7 30. Rd3 Bxd4 31. Rxd4 Rc2+ 32. Kg1 R2c3 33. Re4 Rc1+ 0-1

[Event "Lund Lask op"]
[Site "Lund"]
[Date "2016.11.22"]
[Round "6"]
[White "Mejvik, Jacob"]
[Black "Ivarsson, Torbjorn"]
[Result "1-0"]
[WhiteElo "2057"]
[BlackElo "2169"]
[PlyCount "116"]
[EventDate "2016.10.04"]
[EventType "swiss"]
[EventRounds "7"]
[EventCountry "SWE"]
[SourceTitle "EXT 2019"]
[Source "ChessBase"]
[SourceDate "2018.10.10"]
[SourceVersion "1"]
[SourceVersionDate "2018.10.10"]
[SourceQuality "1"]

1. Nf3 e6 2. c4 f5 3. b3 Nf6 4. Bb2 Be7 5. g3 d6 6. d4 0-0 7. Bg2 Ne4 8. Nfd2 Nxd2 9. Nxd2 Bf6 10. e4 Nc6 11. e5 dxe5 12. Bxc6 bxc6 13. dxe5 Be7 14. Nf3 Bb4+ 15. Ke2 Qe8 16. Qd4 Be7 17. Ne1 c5 18. Qe3 Bb7 19. f3 Qh5 20. Nd3 g5 21. h3 Rad8 22. Raf1 f4 23. gxf4 gxf4 24. Qg1+ Kh8 25. Qg4 Qf7 26. Rhg1 Rg8 27. Qxf4 Qh5 28. Rxg8+ Rxg8 29. Rf2 Qxh3 30. Qf7 Bh4 31. Nf4 Qg3 32. Nd3 Qg1 33. Qxe6 Qb1 34. Qh6 Qc2+ 35. Qd2 Qxd2+ 36. Kxd2 Bxf2 37. Nxf2 Rg3 38. f4 Kg7 39. f5 Kf7 40. Nd3 Be4 41. e6+ Ke8 42. Nxc5 Bxf5 43. Be5 Rg2+ 44. Ke3 Ke7 45. Bxc7 Bxe6 46. a4 Bc8 47. b4 h5 48. Ne4 h4 49. c5 h3 50. Kf3 Ra2 51. Nc3 Ra3 52. Be5 Bd7 53. b5 a6 54. c6 axb5 55. cxd7 Kxd7 56. axb5 Ke6 57. Bg7 Kf5 58. Kg3 Kg6 1-0

[Event "Lund Lask op"]
[Site "Lund"]
[Date "2016.11.15"]
[Round "5"]
[White "Olsson, Linus"]
[Black "Mejvik, Jacob"]
[Result "1-0"]
[WhiteElo "2286"]
[BlackElo "2057"]
[PlyCount "66"]
[EventDate "2016.10.04"]
[EventType "swiss"]
[EventRounds "7"]
[EventCountry "SWE"]
[SourceTitle "EXT 2019"]
[Source "ChessBase"]
[SourceDate "2018.10.10"]
[SourceVersion "1"]
[SourceVersionDate "2018.10.10"]
[SourceQuality "1"]

1. d4 Nf6 2. f4 d5 3. Nf3 c5 4. e3 Nc6 5. c3 e6 6. Bd3 Bd6 7. 0-0 0-0 8. a3 b6 9. b4 Bb7 10. Bd2 Ne4 11. Be1 Ne7 12. Ra2 Nf5 13. Qe2 Qe7 14. g4 Nh6 15. Qg2 f6 16. Qh3 Nf7 17. Rg2 e5 18. dxe5 fxe5 19. Bh4 Qd7 20. f5 Be7 21. Nbd2 Nxd2 22. Rxd2 Bxh4 23. Qxh4 Qc6 24. f6 e4 25. fxg7 Rfe8 26. Bb5 Qxb5 27. Ng5 Nxg5 28. Qxg5 Qc6 29. Rf8+ Rxf8 30. gxf8Q+ Kxf8 31. Rf2+ Ke8 32. Qg7 Qd6 33. Rf7 d4 1-0

[Event "Politiken Cup 30th"]
[Site "Helsingor"]
[Date "2008.07.26"]
[Round "9"]
[White "Nielsen, Palle"]
[Black "Mejvik, Jacob"]
[Result "0-1"]
[WhiteElo "1864"]
[BlackElo "2015"]
[PlyCount "84"]
[EventDate "2008.07.19"]
[EventType "swiss"]
[EventRounds "10"]
[EventCountry "DEN"]
[SourceTitle "CBM 125 Extra"]
[Source "ChessBase"]
[SourceDate "2008.09.01"]
[SourceVersion "1"]
[SourceVersionDate "2008.09.01"]
[SourceQuality "1"]

1. e4 e5 2. Nf3 Nc6 3. Bc4 Bc5 4. 0-0 Nf6 5. d3 a6 6. c3 Ba7 7. Bg5 d6 8. Nbd2 h6 9. Bh4 g5 10. Bg3 Bg4 11. h3 Bh5 12. Qc1 Bg6 13. Kh1 Nh5 14. Nh2 Qe7 15. b4 0-0 16. Ng4 Kh7 17. Nf3 f5 18. exf5 Rxf5 19. Qd2 Nf4 20. Rae1 Qg7 21. Ne3 Rff8 22. Nd5 Rae8 23. Bxf4 gxf4 24. d4 e4 25. Nh4 Bf7 26. Nf5 Qg5 27. g4 Bxd5 28. Bxd5 Rxf5 29. gxf5 Qxf5 30. Bxe4 Rxe4 31. Kh2 d5 32. f3 Re7 33. Rxe7+ Nxe7 34. Qe2 Ng6 35. Rg1 Qf7 36. Qd3 c6 37. h4 Qf6 38. Rg4 h5 39. Rg5 Kh6 40. Qf5 Qxf5 41. Rxf5 Nxh4 42. Rxf4 Bb8 0-1